Żużlowcy z Ebut.pl Stal Gorzów Wielkopolski - Statystyki

Ogólne statystyki
  • Ten quiz został rozwiązany 109 razy
  • Średni wynik to 8 z 10
Statystyki odpowiedzi
Kraj Odpowiedź % Poprawnych
Słowacja Martin Vaculik
100%
Dania Anders Thomsen
95%
Polska Szymon Woźniak
95%
Polska Oskar Paluch
93%
Polska Oskar Fajfer
86%
Polska Wiktor Jasiński
69%
Polska Mateusz Bartkowiak
64%
Polska Jakub Stojanowski
62%
Norwegia Mathias Pollestad
62%
Polska Oskar Hurysz
45%
Nie znaleziono quizów pasujących do podanych kryteriów
Rozkład punktacji
Procent ludzi z każdym wynikiem
Percentyl według liczby udzielonych odpowiedzi
Twoja historia wyników
Nie rozwiązałeś tego quizu